Lettere dal carcere / (Record no. 95269)

MARC details
000 -LEADER
campo de control de longitud fija 00440nam a2200157 i 4500
001 - NÚMERO DE CONTROL
campo de control 95269
003 - IDENTIFICADOR DE NÚMERO DE CONTROL
campo de control ES-MaACL
005 - FECHA Y HORA DE LA ÚLTIMA TRANSACCIÓN
campo de control 20251111131008.0
007 - CAMPO FIJO DE DESCRIPCIÓN FÍSICA--INFORMACIÓN GENERAL
campo de control de longitud fija t|
008 - DATOS DE LONGITUD FIJA--INFORMACIÓN GENERAL
campo de control de longitud fija 050525s1922 it ||||1| ita d
100 1# - ENTRADA PRINCIPAL--NOMBRE DE PERSONA
Nombre de persona Luxemburg, Rosa,
Fechas asociadas al nombre 1870-1919
9 (RLIN) 74894
245 10 - MENCIÓN DEL TÍTULO
Título Lettere dal carcere /
Mención de responsabilidad, etc. Rosa Luxemburg.
260 ## - PUBLICACIÓN, DISTRIBUCIÓN, ETC.
Lugar de publicación, distribución, etc. Milano :
Nombre del editor, distribuidor, etc. Societá editrice Avanti,
Fecha de publicación, distribución, etc. 1922.
852 ## - LOCALIZACIÓN
Ubicación ES-MaACL
Número de control de estantería 1629-F-1
Holdings
Estatus retirado Estado de pérdida Estado de daño No para préstamo Colección Biblioteca de origen Biblioteca actual Ubicación en estantería Fecha de adquisición Fuente de adquisición Total de préstamos Signatura topográfica completa Código de barras Visto por última vez Precio de reemplazo Tipo de ítem Koha
        Colección de folletos Biblioteca del Ateneo de Madrid Biblioteca del Ateneo de Madrid Depósito folletos 17/01/2008     1629-F-1 1099481 23/02/2023 23/02/2023 Folleto